মৃত্যুঞ্জয়ী বঙ্গবন্ধু : (Record no. 77614)
[ view plain ]
| 000 -LEADER | |
|---|---|
| fixed length control field | 01229nam a2200241 a 4500 |
| 001 - CONTROL NUMBER | |
| control field | 77614 |
| 003 - CONTROL NUMBER IDENTIFIER | |
| rucl marc code | BD-RjUL |
| 005 - DATE AND TIME OF LATEST TRANSACTION | |
| control field | 20211209083012.0 |
| 008 - FIXED-LENGTH DATA ELEMENTS--GENERAL INFORMATION | |
| fixed length control field | 201209s2020 bg ||||| |||| 00| 0 ben d |
| 035 ## - SYSTEM CONTROL NUMBER | |
| System control number | (BD-RjUL)77840 |
| 040 ## - CATALOGING SOURCE | |
| Original cataloging agency | BD-RjUL |
| Language of cataloging | eng |
| Transcribing agency | BD-RjUL |
| 041 ## - LANGUAGE CODE | |
| Language code of text/sound track or separate title | ben |
| 082 ## - DEWEY DECIMAL CLASSIFICATION NUMBER | |
| Edition number | 23 |
| Classification number | 954.9205092 |
| Author mark and year | MRT 2020 |
| 245 00 - TITLE STATEMENT | |
| Title | মৃত্যুঞ্জয়ী বঙ্গবন্ধু : |
| Remainder of title | জাতীয় শোক দিবস- ২০২০ / |
| Statement of responsibility, etc. | প্রধান সম্পাদক : আনন্দ কুমার সাহা ; সম্পাদক : চৌধুরী মো. জাকারিয়া |
| 250 ## - EDITION STATEMENT | |
| Edition statement | মুজিব শতবর্ষ |
| 260 ## - PUBLICATION, DISTRIBUTION, ETC. (IMPRINT) | |
| Place of publication, distribution, etc. | রাজশাহী : |
| Name of publisher, distributor, etc. | রাজশাহী বিশ্ববিদ্যালয়, |
| Date of publication, distribution, etc. | ২০২০ |
| 300 ## - PHYSICAL DESCRIPTION | |
| Pagination | ২৪ পৃ.: |
| Illustrations | চিত্র; |
| Size | ২৫ সেমি. |
| 600 ## - SUBJECT ADDED ENTRY--PERSONAL NAME | |
| Personal name | রহমান, শেখ মুজিবুর |
| General subdivision | জীবনী |
| Geographic subdivision | বাংলাদেশ |
| Personal name | Rahman, Shekh mujibur |
| General subdivision | Biography |
| Geographic subdivision | Bangladesh |
| 700 ## - ADDED ENTRY--PERSONAL NAME | |
| Personal name | সাহা, আনন্দ কুমার |
| Personal name | জাকারিয়া, চৌধুরী মো. |
| 942 ## - ADDED ENTRY ELEMENTS (KOHA) | |
| Source of classification or shelving scheme | Dewey Decimal Classification |
| Koha item type | Books |
| Lost status | Source of classification or shelving scheme | Damaged status | Not for loan | Collection code | Permanent Location | Current Location | Shelving location | Date acquired | Source of acquisition | Total Checkouts | Full call number | Date last seen | Copy number | Koha item type |
|---|---|---|---|---|---|---|---|---|---|---|---|---|---|---|
| Dewey Decimal Classification | Non-fiction | Central Library, University of Rajshahi | Central Library, University of Rajshahi | 27/08/2020 | Author | B 954.9205092 MRT 2020 | 09/12/2020 | C-2 | Books | |||||
| Dewey Decimal Classification | Non-fiction | Central Library, University of Rajshahi | Central Library, University of Rajshahi | 27/08/2020 | Author | B 954.9205092 MRT 2020 | 09/12/2020 | C-3 | Books | |||||
| Dewey Decimal Classification | Not For Loan | Non-fiction | Central Library, University of Rajshahi | Central Library, University of Rajshahi | Reading Room | 27/08/2020 | Author | B 954.9205092 MRT 2020 | 09/12/2020 | C-1 | Books |